| 000 | 00721cam a2200205 i 4500 | ||
|---|---|---|---|
| 020 | _a0713132787 : | ||
| 082 | 0 | 0 |
_a621.38131 _bCON _cD |
| 100 | 1 |
_aConnor, F. R. _941478 |
|
| 245 | 1 | 0 |
_aWave transmission / _c[by] F. R. Connor. |
| 260 |
_aLondon : _bEdward Arnold, _c1972. |
||
| 300 |
_avii, 107 p. : _bill. ; _c22 cm. |
||
| 490 | 0 | _aHis Introductory topics in electronics and telecommunication | |
| 500 | _aDistributed by Professional Books Division, Herman Publishing, inc., Boston. | ||
| 526 |
_a0 _b0 _c0 _d621_381310000000000_CON |
||
| 526 |
_a0 _b0 _c0 _d621_381310000000000_CON |
||
| 526 |
_a0 _b0 _c0 _d621_381310000000000_CON |
||
| 650 | 0 |
_aMCE _9379 |
|
| 650 | 0 |
_aTelecommunication lines. _941479 |
|
| 942 |
_2ddc _cBK |
||
| 999 |
_c545578 _d545578 |
||